| 000 | 00702cab a2200217 4500 | ||
|---|---|---|---|
| 001 | ABS51148 | ||
| 008 | 090401t1994 xxu||||| |||| 00| 0 eng d | ||
| 035 | _a(Sirsi) u12895 | ||
| 041 | _aeng | ||
| 100 | _aHarrison, A. | ||
| 245 | _aQuality standard | ||
| 260 | _c1994 | ||
| 350 | _a0 | ||
| 490 |
_aCSM (Chartered Surveyor Monthly) _vJuly/August 1994,33-34(2) |
||
| 520 | _aComments on the revised and soon to be published, BS5750/ISO 9000 Standard and explains the main changes and implications for professionals and organisations. | ||
| 650 | _aBS 5750 | ||
| 650 | _aQUALITY ASSURANCE | ||
| 690 | _aMANAGEMENT-BUSINESS MANAGEMENT-PROFESSIONAL PRACTICE | ||
| 942 | _n0 | ||
| 948 | _c04/03/1997 | ||
| 999 |
_c8278 _d8278 |
||